000 01477cam a22002893a 4500
001 19932
003 PGUSA
005 20140828083424.0
008 061127s2006||||xxu|||||s|||||000 | eng d
040 _aPGUSA
_beng
042 _adc
050 4 _aE300
100 1 _aUnited States. Work Projects Administration
245 1 0 _aSlave Narratives :
_ba Folk History of Slavery in the United States : From Interviews with Former Slaves Tennessee Narratives
_h[electronic resource] /
_cUnited States. Work Projects Administration
260 _bProject Gutenberg,
_c2006
505 0 _aBatson, Frances -- Casey, Julia -- Chappel, Cecelia -- Childress, Wiley -- Falls, Robert -- Gaines, Rachel -- Goole, Frankie -- Gray, Precilla -- Greer, Jenny -- Grisham, Emma -- Hudson, Measy -- Hyde, Patsy -- Kannon, Ellis Ken -- Martin, Scott -- Matthews, Ann -- Moore, Rev. John -- Moss, Andrew -- Moss, Mollie -- Odell, Andy -- Parker, laura Ramsey -- Reece, Naisy -- Simpkins, Millie -- Star, Joseph Leonidas -- Thomas, Dan -- Watkins, Sylvia -- Young, Narcissus.
506 _aPublic domain in the USA.
516 _aElectronic text
653 _aSlave narratives -- Tennessee
653 _aSlavery -- Tennessee
653 _aSlaves -- Tennessee -- Biography
653 _aSlaves -- Tennessee -- Social conditions
653 _aAfrican Americans -- Tennessee -- Biography
830 0 _aProject Gutenberg
_v19932
856 4 0 _uhttp://www.gutenberg.org/ebooks/19932
942 _cEB
999 _c249187
_d249187